[Event "Pavlodar op"]
[Site "Pavlodar"]
[Date "2024.10.20"]
[Round "9"]
[White "Sammed Jaykumar, Shete"]
[Black "Pranav, Anand"]
[Result "0-1"]
[WhiteElo "2389"]
[BlackElo "2539"]
[PlyCount "164"]
[EventDate "2024.10.13"]
[EventType "swiss"]
[EventRounds "10"]
[EventCountry "KAZ"]
[SourceTitle "CB43_2024"]
[Source "Chessbase"]
[SourceDate "2024.10.23"]
[SourceVersion "1"]
[SourceVersionDate "2024.10.23"]
[SourceQuality "1"]

1. d4 Nf6 2. c4 e6 3. Nf3 d5 4. g3 Bb4+ 5. Bd2 Be7 6. Bg2 Nbd7 7. 0-0 0-0 8. Qc2 c6 9. Bf4 h6 10. h4 a5 11. Nbd2 Nh5 12. e3 a4 13. a3 f5 14. Ne5 Nxf4 15. exf4 Nxe5 16. dxe5 Bd7 17. h5 Qa5 18. Rfc1 Rfc8 19. Nf3 b5 20. c5 b4 21. Ne1 b3 22. Qc3 Qd8 23. Qd4 Rcb8 24. Rc3 Qf8 25. Bf3 Bc8 26. Be2 Bd8 27. Rcc1 Ra5 28. Rc3 Ra7 29. Rd1 Qe8 30. Ng2 Rba8 31. Ne3 Qf8 32. Kg2 Be7 33. Rdc1 Ra5 34. Kg1 Rb8 35. Ng2 Ba6 36. Bxa6 Rxa6 37. Ne1 Ra5 38. Nd3 Rbb5 39. Kg2 Kf7 40. Kf3 Ke8 41. Kg2 Qf7 42. Rh1 g6 43. hxg6 Qxg6 44. Rhc1 h5 45. Qe3 h4 46. Rh1 Kd7 47. Kf1 hxg3 48. fxg3 Ra8 49. Kg2 Kc7 50. Nf2 Rg8 51. Rh3 Kb7 52. Qd4 Qg7 53. Qxa4 Ra8 54. Qd4 Kc7 55. Rc1 Rba5 56. Nd3 Ra4 57. Nb4 R8a5 58. Qe3 Rb5 59. Qxb3 Raa5 60. Rch1 Qg4 61. Qd1 Qxd1 62. Rxd1 Bxc5 63. Rh7+ Kb6 64. Nd3 Rb3 65. Kf3 Bd4 66. Rh6 Bxb2 67. Rxe6 Raxa3 68. Ke2 Bd4 69. Rf6 Ra2+ 70. Rd2 Rxd2+ 71. Kxd2 Kb5 72. Rxf5 Kc4 73. Ne1 Bc3+ 74. Ke2 Rb2+ 75. Kf3 Bxe1 76. e6 Rf2+ 77. Kg4 Re2 78. Rf6 d4 79. f5 d3 80. Rf7 Bc3 81. Rd7 Bd4 82. Kf3 Re3+ 0-1

[Event "Pavlodar op"]
[Site "Pavlodar"]
[Date "2024.10.19"]
[Round "8"]
[White "Pranav, Anand"]
[Black "Prraneeth, Vuppala"]
[Result "1/2-1/2"]
[WhiteElo "2539"]
[BlackElo "2448"]
[PlyCount "147"]
[EventDate "2024.10.13"]
[EventType "swiss"]
[EventRounds "10"]
[EventCountry "KAZ"]
[SourceTitle "CB43_2024"]
[Source "Chessbase"]
[SourceDate "2024.10.23"]
[SourceVersion "1"]
[SourceVersionDate "2024.10.23"]
[SourceQuality "1"]

1. e4 e5 2. Nf3 Nc6 3. Bc4 Bc5 4. c3 Nf6 5. d3 d6 6. Bg5 h6 7. Bh4 a6 8. a4 Ba7 9. Nbd2 g5 10. Bg3 Qe7 11. b4 Nh7 12. 0-0 Nf8 13. b5 Na5 14. Bd5 h5 15. h4 g4 16. Nh2 Ng6 17. Kh1 c6 18. Ba2 Nxh4 19. f4 Nxg2 20. fxe5 Ne3 21. exd6 h4 22. Rxf7 Qd8 23. Qg1 hxg3 24. Qxg3 Qh4 25. Qe5+ Kd8 26. Raf1 Nxf1 27. Ndxf1 g3 28. d4 Re8 29. Qg7 Qxe4+ 30. Nf3 g2+ 31. Kxg2 Qg4+ 32. Qxg4 Bxg4 33. Ne5 Bb8 34. Ne3 Bc8 35. Rf6 Bxd6 36. Rxd6+ Kc7 37. Rf6 axb5 38. axb5 cxb5 39. Bf7 Rd8 40. Nd5+ Kb8 41. Rb6 Ra6 42. Rxb5 Nc6 43. Nb4 Nxb4 44. Rxb4 Rf6 45. Bc4 Kc7 46. Rb2 Rh8 47. Bd5 Rh7 48. Bf3 Rfh6 49. Kg3 Ra6 50. Rb3 Rh3+ 51. Kf2 b6 52. Ke3 Bb7 53. Kf4 Bxf3 54. Nxf3 Ra2 55. Kg4 Rh6 56. Kf4 Re2 57. c4 Rf6+ 58. Kg3 Rc2 59. Ne5 Rc1 60. Rf3 Rxf3+ 61. Kxf3 Re1 62. Nd3 Rh1 63. Ke4 Kd6 64. c5+ bxc5 65. dxc5+ Kc6 66. Ne5+ Kxc5 67. Nd3+ Kd6 68. Kd4 Rh4+ 69. Ke3 Kd5 70. Nf4+ Kc4 71. Ke4 Rh1 72. Ke5 Re1+ 73. Kd6 Rf1 74. Ke5 1/2-1/2

[Event "Pavlodar op"]
[Site "Pavlodar"]
[Date "2024.10.14"]
[Round "2"]
[White "Pranav, Anand"]
[Black "Nurmanova, Alua"]
[Result "0-1"]
[WhiteElo "2539"]
[BlackElo "2356"]
[PlyCount "142"]
[EventDate "2024.10.13"]
[EventType "swiss"]
[EventRounds "10"]
[EventCountry "KAZ"]
[SourceTitle "CB43_2024"]
[Source "Chessbase"]
[SourceDate "2024.10.23"]
[SourceVersion "1"]
[SourceVersionDate "2024.10.23"]
[SourceQuality "1"]

1. e4 e5 2. Nf3 Nc6 3. Bb5 a6 4. Ba4 Nf6 5. d3 b5 6. Bb3 Bc5 7. c3 d6 8. Bg5 h6 9. Bh4 g5 10. Bg3 Bg4 11. Nbd2 Rb8 12. Nf1 d5 13. exd5 Nxd5 14. Qe2 0-0 15. N1d2 Nf4 16. Bxf4 exf4 17. Ne4 Re8 18. 0-0-0 Be7 19. h4 gxh4 20. Kb1 Kg7 21. Qd2 Bg5 22. Rde1 Bf5 23. Qd1 a5 24. Bc2 Bxe4 25. dxe4 Qf6 26. Qd5 Ne5 27. Nd4 b4 28. Qxa5 Nc4 29. e5 Nxe5 30. cxb4 Nc4 31. Qc5 Nd2+ 32. Ka1 Red8 33. Nc6 Ra8 34. Na5 Rdb8 35. Bb3 f3 36. gxf3 c6 37. Rd1 Rb5 38. Qc3 Qxc3 39. bxc3 c5 40. Bd5 cxb4 41. Bxa8 Rxa5 42. f4 Bxf4 43. Bc6 bxc3 44. a4 Rc5 45. Bb5 Kf6 46. Ka2 c2 47. Ra1 Nf3 48. Rh3 Ne5 49. Rxh4 c1Q 50. Rxc1 Bxc1 51. f4 Ng6 52. Rxh6 Bxf4 53. Rh7 Ne5 54. Kb3 Kg6 55. Rh8 Bd2 56. Rd8 Be1 57. Rd1 Ba5 58. Be8 Kf6 59. Bb5 Ke6 60. Rh1 Rc3+ 61. Kb2 Nc4+ 62. Ka2 Ra3+ 63. Kb1 Nd6 64. Bc6 Rc3 65. Rh5 f5 66. Rh6+ Ke5 67. Bd7 Rc7 68. Be6 Bd2 69. Rg6 Ne4 70. Bg8 f4 71. Re6+ Kd4 0-1

[Event "Abu Dhabi op-A 30th"]
[Site "Abu Dhabi"]
[Date "2024.08.24"]
[Round "9"]
[White "Pranav, Anand"]
[Black "Audi, Ameya"]
[Result "1/2-1/2"]
[WhiteElo "2552"]
[BlackElo "2407"]
[PlyCount "160"]
[EventDate "2024.08.15"]
[EventType "swiss"]
[EventRounds "9"]
[EventCountry "UAE"]
[SourceTitle "EXT 2025"]
[Source "ChessBase"]
[SourceDate "2024.10.14"]
[SourceVersion "1"]
[SourceVersionDate "2024.10.14"]
[SourceQuality "1"]

1. e4 c5 2. Nf3 d6 3. d4 cxd4 4. Nxd4 Nf6 5. Nc3 a6 6. Be2 e5 7. Nb3 Be7 8. Be3 Be6 9. Nd5 Nbd7 10. Qd3 Bxd5 11. exd5 Rc8 12. c4 0-0 13. 0-0 a5 14. Rae1 Re8 15. Kh1 g6 16. g4 e4 17. Qd1 Ne5 18. Nd2 b5 19. g5 Nfd7 20. cxb5 Bxg5 21. Bxg5 Qxg5 22. Nxe4 Qf4 23. Nxd6 Rc2 24. f3 Rd2 25. Qxd2 Qxd2 26. Nxe8 Qxd5 27. Rd1 Qc5 28. Nd6 Qe3 29. Rde1 Qd4 30. Ne4 Qxb2 31. f4 Qd4 32. fxe5 Qxe4+ 33. Bf3 Qc4 34. Rb1 Nb6 35. Rf2 Qd4 36. Re2 Qd3 37. Rb3 Qd1+ 38. Kg2 a4 39. Rbb2 Qd4 40. Rbd2 Qc5 41. e6 fxe6 42. Bc6 Kg7 43. Rd3 Nc4 44. Rxe6 Qg5+ 45. Rg3 Qd2+ 46. Kh3 Kh6 47. Re4 Nb2 48. Rf3 Nd3 49. Rh4+ Kg7 50. Rxa4 h5 51. b6 Ne5 52. b7 Nxc6 53. Rb3 Kh6 54. Rab4 Nb8 55. a4 Qf2 56. Rb6 Kh7 57. R6b5 Kh6 58. Rb6 Kg7 59. R6b5 Kh7 60. a5 Kh6 61. Rb6 Qf5+ 62. Kg2 Qxa5 63. h3 Qc5 64. Kf3 Qg1 65. Ke4 Qg2+ 66. Kd4 Kh7 67. Ke5 Nd7+ 68. Kd6 Nb8 69. Kc7 Qh2+ 70. Rd6 Na6+ 71. Kd7 Nc5+ 72. Kc6 Nxb7 73. Rd7+ Kh6 74. Rdxb7 Qe5 75. R7b5 Qd4 76. Kb7 h4 77. Kb8 g5 78. Rb6+ Kh5 79. Kc7 Qe5+ 80. Kd7 Qg7+ 1/2-1/2

[Event "Abu Dhabi op-A 30th"]
[Site "Abu Dhabi"]
[Date "2024.08.21"]
[Round "6"]
[White "Borgaonkar, Akshay"]
[Black "Pranav, Anand"]
[Result "1/2-1/2"]
[WhiteElo "2412"]
[BlackElo "2552"]
[PlyCount "129"]
[EventDate "2024.08.15"]
[EventType "swiss"]
[EventRounds "9"]
[EventCountry "UAE"]
[SourceTitle "EXT 2025"]
[Source "ChessBase"]
[SourceDate "2024.10.14"]
[SourceVersion "1"]
[SourceVersionDate "2024.10.14"]
[SourceQuality "1"]

1. e4 c5 2. Nf3 d6 3. d4 cxd4 4. Nxd4 Nf6 5. Nc3 a6 6. Rg1 b5 7. a4 b4 8. Nd5 Nxd5 9. exd5 g6 10. Be3 Bb7 11. Nb3 Nd7 12. Qd4 Nf6 13. Qxb4 Rb8 14. Ba7 Nxd5 15. Bb5+ axb5 16. Qxb5+ Qd7 17. Qxd7+ Kxd7 18. Bxb8 Bg7 19. Ba7 Bxb2 20. Rb1 Bc3+ 21. Kd1 Ra8 22. Be3 Bc6 23. a5 Bxa5 24. Ra1 Nxe3+ 25. fxe3 Bc3 26. Rxa8 Bxa8 27. Nc1 h5 28. Nd3 h4 29. Ke2 Bc6 30. g3 hxg3 31. hxg3 Ba4 32. Nf4 Bb5+ 33. Kf2 Bc6 34. Rb1 Be4 35. Rb3 Bf6 36. Nd3 g5 37. Rb4 Bc6 38. Rb8 Bd5 39. Rb5 Ke6 40. Ne1 Be4 41. Nf3 d5 42. Rb6+ Kf5 43. Rc6 Kg4 44. Nd2 Bg6 45. Nf3 Be4 46. Nd2 Be5 47. Nf1 f6 48. c4 d4 49. Re6 dxe3+ 50. Nxe3+ Kh3 51. Rxe7 Bxg3+ 52. Ke2 Be5 53. c5 g4 54. Re8 Kg3 55. Nc4 Bf3+ 56. Kd3 Bf4 57. Re6 f5 58. Nd6 Bxd6 59. cxd6 Bc6 60. Re7 Bb5+ 61. Kd2 f4 62. Rb7 Bc6 63. Rc7 Bb5 64. Rb7 Bc6 65. Rc7 1/2-1/2

[Event "Abu Dhabi Masters Online"]
[Site "Chess.com INT"]
[Date "2024.08.21"]
[Round "5"]
[White "Pranav, Anand"]
[Black "Khalafova, Narmin Ilgar Qizi"]
[Result "1-0"]
[WhiteElo "2552"]
[BlackElo "2278"]
[PlyCount "117"]
[EventDate "2024.08.21"]
[EventType "swiss (blitz)"]
[EventRounds "11"]
[EventCountry "UAE"]
[SourceTitle "CBM 221 Extra"]
[Source "ChessBase"]
[SourceDate "2024.09.30"]
[SourceVersion "1"]
[SourceVersionDate "2024.09.30"]
[SourceQuality "1"]

1. d4 d5 2. Bf4 Nf6 3. e3 c5 4. Nf3 Nc6 5. Be2 Qb6 6. Nc3 Bf5 7. 0-0 c4 8. b3 Qb4 9. Qd2 e6 10. bxc4 dxc4 11. Rab1 Qa5 12. Rb5 Qa3 13. Bxc4 Bb4 14. Nb1 Bxd2 15. Nxa3 Bb4 16. Nb1 Bxc2 17. Rxb7 0-0 18. Rc1 Be4 19. Nbd2 Ba3 20. Re1 Na5 21. Rb5 Nxc4 22. Nxc4 Be7 23. Nfd2 Bc6 24. Rbb1 Nd5 25. Bg3 Nb4 26. a3 Nd3 27. Rf1 f6 28. Rb3 Rfc8 29. Rxd3 Bb5 30. Rc3 Bxa3 31. Rxa3 Bxc4 32. Nxc4 Rxc4 33. Rfa1 a5 34. h4 a4 35. Bd6 h5 36. Rb1 Kf7 37. Rb7+ Kg6 38. Kh2 Ra6 39. Bc5 Rc1 40. Kg3 Rc4 41. Bf8 Kf5 42. Rxg7 Rb6 43. Bc5 Rb3 44. Rxb3 axb3 45. Rb7 Rc3 46. Kf3 e5 47. Bd6 exd4 48. Ke2 Rc2+ 49. Kd3 Rxf2 50. g3 Rf3 51. Kxd4 Ke6 52. Bf4 Kf5 53. Rb5+ Kg4 54. Rxb3 Rf1 55. Ke4 Rd1 56. Rb8 Rd7 57. Rg8+ Kh3 58. Kf5 Rd5+ 59. Kxf6 1-0

[Event "Abu Dhabi Masters Online"]
[Site "Chess.com INT"]
[Date "2024.08.21"]
[Round "8"]
[White "Pranav, Anand"]
[Black "Manukian, Artak"]
[Result "1-0"]
[WhiteElo "2552"]
[BlackElo "2104"]
[PlyCount "125"]
[EventDate "2024.08.21"]
[EventType "swiss (blitz)"]
[EventRounds "11"]
[EventCountry "UAE"]
[SourceTitle "CBM 221 Extra"]
[Source "ChessBase"]
[SourceDate "2024.09.30"]
[SourceVersion "1"]
[SourceVersionDate "2024.09.30"]
[SourceQuality "1"]

1. d4 d5 2. Nf3 Nf6 3. Bf4 Bf5 4. e3 e6 5. c4 Bxb1 6. Qxb1 Bb4+ 7. Kd1 Ne4 8. Qc2 0-0 9. a3 Bd6 10. Bd3 Bxf4 11. exf4 Nd7 12. c5 b6 13. c6 Ndf6 14. Ne5 g6 15. Ke2 Nd6 16. f3 Nh5 17. g3 f6 18. Ng4 Ng7 19. Rhe1 Ngf5 20. Qc3 h5 21. Ne3 Nxe3 22. Kxe3 Nf5+ 23. Kf2 Qd6 24. Re2 Kf7 25. Rae1 Rae8 26. b4 h4 27. Kg2 hxg3 28. hxg3 Rh8 29. b5 Rh6 30. Bxf5 gxf5 31. Rh1 Rxh1 32. Kxh1 Rh8+ 33. Kg1 Kg6 34. Re3 Qf8 35. Qd2 Qh6 36. Qg2 Kf7 37. Re1 Qh3 38. a4 Ke7 39. a5 Kd6 40. Ra1 Rh7 41. Qxh3 Rxh3 42. axb6 axb6 43. Kg2 Rh8 44. g4 fxg4 45. fxg4 e5 46. dxe5+ fxe5 47. f5 e4 48. Kg3 Ke5 49. Rf1 d4 50. f6 d3 51. Kf2 Kd4 52. g5 e3+ 53. Kf3 e2 54. Rg1 Re8 55. f7 e1Q 56. Rxe1 Rxe1 57. Kf2 d2 58. f8Q d1Q 59. Qb4+ Kd3 60. Qxe1 Qc2+ 61. Kf3 Qc5 62. Qe4+ Kd2 63. Qe2+ 1-0